Identifying training needs

Bibliographic Details
Main Author: Boydell, TOM
Format: Book
Published: London : IPD , 1996
Subjects:

MARC

LEADER 00000cam a2200000 7i4500
001 0000003102
005 20030121.0
020 |a 0852926308 
040 |a INS 
090 0 0 |a HF5549.5.   |b B7899 1996 
100 1 |a Boydell, TOM 
245 1 0 |a Identifying training needs   |c Tom Boydell and Malcom Leary 
260 |a London :   |b IPD ,   |c 1996 
300 |a 202p. 
650 0 0 |a Training 
650 0 0 |a Training Needs 
999 |a 0000006709   |b BOOK   |c Open Shelf   |e Default branch